Missing Word: Movie Titles Based Off Romance Novels Quiz Stats

 Plays Quiz Updated Sep 13, 2017

Challenge
Share
Tweet
Embed
Score 0/18 Timer 04:00
0 Plays Today
Movie Title Missing Word % Correct
____ With the WindGone
97.7%
Bridget Jones's _____Diary
97.5%
_____ & PrejudicePride
97.2%
____ Pray LoveEat
94.8%
The ____ Traveler's WifeTime
93.5%
The Fault in Our ____ Stars
88.1%
The ____ of Madison CountyBridges
86.6%
Cruel ____Intentions
75%
Under the ____ SunTuscan
74.9%
Movie Title Missing Word % Correct
____ I Love YouP.S.
73.9%
Dear ____John
70.7%
Love in the Time of ____Cholera
67.4%
A ____ to RememberWalk
53.7%
The ____ of MeBest
49%
Me ____ YouBefore
45.2%
The Wedding ____Date
35.9%
Just Like ____Heaven
27.3%
The ____ Between OceansLight
21.5%

Today's Daily Dose

Missing Word
Top 10 Artists

Word Ladder
'70s Song II

On This Day
October 20th II

You're not logged in!

Compare scores with friends on all Sporcle quizzes.
Join for Free
OR
Log In

You Might Also Like...

Show Comments

Extras

Top Quizzes Today


Score Distribution

Your Account Isn't Verified!

In order to create a playlist on Sporcle, you need to verify the email address you used during registration. Go to your Sporcle Settings to finish the process.

Report this User

Report this user for behavior that violates our Community Guidelines.

Details: